| 000 | 00792nam a22002777a 4500 | ||
|---|---|---|---|
| 001 | BR7705751 | ||
| 003 | BR-BrBNA | ||
| 005 | 20230928085501.0 | ||
| 007 | ta | ||
| 008 | 230509b bl.||||| |||| 00| 0 por d | ||
| 040 |
_aBR-BrBNA _bpor _cBiblioteca Nacional de Agricultura |
||
| 041 | _a(Por) | ||
| 072 |
_aL00; S10 _b9410 |
||
| 090 | _ 9410 BR7705751 | ||
| 100 | 1 | _aBallarin, O. | |
| 111 | 1 |
_a4. Congresso Nacional de Laticinios de Juiz de Fora _cJuiz de Fora, MG (Brazil) _d1977 |
|
| 245 | 1 | _aO leite nos seus aspectos universais | |
| 260 | 3 |
_aJuiz de Fora, MG (Brasil): _c1977. |
|
| 300 | _a76 p. | ||
| 500 | _a13 illus.; 23 graphs | ||
| 650 | _aPRODUCAO ANIMAL | ||
| 650 | _aLEITE | ||
| 650 | _aCOMPOSICAO DE ALIMENTO | ||
| 909 |
_a202309 _bLucia _c55 _dLucia Elande |
||
| 942 | _cBK | ||
| 999 |
_c24678 _d24678 |
||